| 000 -LEADER |
| fixed length control field |
00710nam a22001817a 4500 |
| 001 - CONTROL NUMBER |
| control field |
6256 |
| 003 - CONTROL NUMBER IDENTIFIER |
| control field |
BD-DhUAP |
| 005 - DATE AND TIME OF LATEST TRANSACTION |
| control field |
20200318101912.0 |
| 008 - FIXED-LENGTH DATA ELEMENTS--GENERAL INFORMATION |
| fixed length control field |
200318s1992 bg ||||| |||| 00| 0 ben d |
| 040 ## - CATALOGING SOURCE |
| Original cataloging agency |
BD-DhUAP |
| Language of cataloging |
Ben |
| Transcribing agency |
BD-DhUAP |
| Modifying agency |
BD-DhUAP |
| 082 ## - DEWEY DECIMAL CLASSIFICATION NUMBER |
| Edition number |
23 |
| Classification number |
101 BEN |
| 245 ## - TITLE STATEMENT |
| Title |
বাঙালীর দর্শন চিন্তা / |
| Statement of responsibility, etc. |
সম্পাদনা ওয়াকিল আহমদ। |
| 260 ## - PUBLICATION, DISTRIBUTION, ETC. |
| Place of publication, distribution, etc. |
ঢাকা : |
| Name of publisher, distributor, etc. |
এশিয়াটিক সোসাইটি অব বাংলাদেশ, |
| Date of publication, distribution, etc. |
c১৯৯২। |
| 300 ## - PHYSICAL DESCRIPTION |
| Extent |
১৬৯ পৃষ্ঠা ; |
| Dimensions |
২৩ সেমি। |
| 650 ## - SUBJECT ADDED ENTRY--TOPICAL TERM |
| Topical term or geographic name entry element |
Philosophy |
| General subdivision |
theory. |
| 700 ## - ADDED ENTRY--PERSONAL NAME |
| Personal name |
আহমদ, ওয়াকিল। |
| 942 ## - ADDED ENTRY ELEMENTS (KOHA) |
| Source of classification or shelving scheme |
|
| Koha item type |
Book |